Azerbaijan in the Eurovision Song Contest - Statistics

General Stats
  • This quiz has been taken 25 times
    5 since last reset
  • The average score is 13 of 18
Answer Stats
Answer % Correct
Fade to Black
100%
Just Go
100%
Mata Hari
100%
Running Scared
100%
Run With U
100%
Always
75%
Hold Me
75%
Miracle
75%
Skeletons
75%
Start a Fire
75%
Tell Me More
75%
Truth
75%
X My Heart
75%
Drip Drop
50%
Hour of the Wolf
50%
When the Music Dies
50%
Day After Day
25%
Özünlə apar
25%
No matching quizzes found
Score Distribution
Percent of People with Each Score
Percentile by Number Answered
Your Score History
You have not taken this quiz since the last reset